Koordinácia sociálneho zabezpečenia migrujúcich osôb od 1. mája 2004 platí v SR pre oblasť zdravotného poistenia európska legislatíva

Bibliographic Details
Main Authors: Gáliková, Andrea (Author), Kováč, Eduard, 1951- (Author)
Format: Article
Language:Slovak
ISSN:1335-4477
Subjects:

MARC

LEADER 00000nab a2200000 a 4500
001 vtls000879646
003 SK-MaSNL
005 20260304035222.0
008 140303c2004 xo 0 slo
015 |a SNBRB2004/08-22021 
035 |a CLN000231187 
040 |a SNKBUCL  |b slo  |c SNKBUCL  |e AACR2 
041 0 |a slo 
044 |a xo  |c SK 
080 |a 339.923(4)  |2 1997 
080 |a 369.26(4)  |2 1997 
080 |a 639(4)  |2 1997 
100 1 |a Gáliková, Andrea  |4 aut  |9 687392 
245 1 0 |a Koordinácia sociálneho zabezpečenia migrujúcich osôb  |b od 1. mája 2004 platí v SR pre oblasť zdravotného poistenia európska legislatíva  |c Andrea Gáliková, Eduard Kováč 
610 7 |a Európska únia  |2 snkbucl  |9 29861 
610 7 |a Európska únia  |2 MESH  |9 29861 
650 0 7 |a zdravotné poistenie  |2 MESH  |9 28257 
650 0 7 |a poistenie zdravotné  |x Európska únia  |2 snkbucl  |9 1318898 
650 0 7 |a sociálne poistenie  |x Európska únia  |2 snkbucl  |9 27876 
655 7 |a články z novín a časopisov  |2 snkbucl  |9 267496 
700 1 |a Kováč, Eduard,  |d 1951-  |4 aut  |9 314698 
773 0 |t Zdravotnícke noviny  |g Roč. 9, č. 13 (2004), s. 9  |x 1335-4477 
850 |a Slovenská národná knižnica v Martine 
852 |a SNK  |b KIS3GCP 
958 |a MI 
992 |a RBX 
999 |c 2656913  |d 2658843